| 000 | 01053nam a22002657a 4500 | ||
|---|---|---|---|
| 001 | 4712 | ||
| 003 | FISKH | ||
| 005 | 20240925090657.0 | ||
| 008 | 240925b cb ||||| |||| 00| 0 eng d | ||
| 020 | _a9780688124700 | ||
| 040 |
_aFISKH _beng _cFISKH _dFISKH |
||
| 050 | _aPZ7.M2773 | ||
| 082 | _2823 | ||
| 100 |
_aMahy, Margaret _d(1936–2012) |
||
| 245 |
_aThe birthday burglar & a very wicked headmistress / _cMargaret Mahy Illustrated by Margaret Chamberlain |
||
| 250 | _aPublished in 1993 | ||
| 260 |
_aBoston : _bA Beech Tree Paperback Book, _c1993. |
||
| 300 |
_a136 pages : _billustrations ; _c20cm |
||
| 520 | _aIn the first of these two short stories, Bassington, a rich little boy who has never had a birthday, decides to steal one from Mrs. Herringbone and Joanna Joy. In the second story, headmistress Tatiana Taffeta seeks an affluent farmer's hand in marriage. | ||
| 650 |
_2Fiction _aChildren's literature |
||
| 650 |
_2Owned _aChildren's |
||
| 700 |
_aChamberlain, Margaret _dIllustrator ; |
||
| 942 |
_2ddc _cBK _n0 |
||
| 999 |
_c4712 _d4712 |
||